| 000 | 00394nam a22001337a 4500 | ||
|---|---|---|---|
| 999 |
_c7853 _d7854 |
||
| 008 | 190415b ||||| |||| 00| 0 eng d | ||
| 082 | _a363 B57e 2018 | ||
| 100 | _aBhutan Ecological Society | ||
| 245 |
_aEnabling An energy efficient: _bBuilt environment in Bhutan. |
||
| 260 |
_aThimphu ; _bBhutan Ecological Society, _c2018. |
||
| 300 |
_a46 p. _c21 cm. |
||
| 650 | _aEnvironment | ||
| 942 | _2ddc | ||